[Event "2nd Goa GM Open 2019"]
[Site "Goa"]
[Date "2019.06.23"]
[Round "8.17"]
[White "Vasquez Schroeder, Rodrigo"]
[Black "Priyanka, Kumari"]
[Result "1-0"]
[WhiteElo "2476"]
[BlackElo "1991"]
[Annotator "ChessBase"]
[PlyCount "165"]
[EventDate "2019.06.17"]
[EventType "swiss"]
[EventCountry "IND"]
[SourceTitle "playchess.com"]
[Source "ChessBase"]
[SourceQuality "1"]
[TimeControl "5400+30"]

1. d4 {[%emt 0:00:00]} Nf6 {[%emt 0:00:31]} 2. c4 {[%emt 0:00:00]} g6 {[%emt 0:00:07]} 3. g3 {[%emt 0:00:00]} Bg7 {[%emt 0:00:10]} 4. Bg2 {[%emt 0:00:00]} d6 {[%emt 0:00:17]} 5. Nc3 {[%emt 0:00:20]} O-O {[%emt 0:00:16]} 6. Nf3 {[%emt 0:00:06]} Nc6 {[%emt 0:01:12]} 7. O-O {[%emt 0:00:08]} Bg4 {[%emt 0:01:32]} 8. d5 {[%emt 0:00:10]} Na5 {[%emt 0:01:10]} 9. Nd2 {[%emt 0:00:12]} c5 {[%emt 0:00:42]} 10. h3 {[%emt 0:00:52]} Bd7 {[%emt 0:00:37]} 11. Qc2 {[%emt 0:00:11]} a6 {[%emt 0:00:23]} 12. a4 {[%emt 0:01:05]} b5 {[%emt 0:07:40]} 13. axb5 {[%emt 0:01:37]} axb5 {[%emt 0:00:08]} 14. cxb5 {[%emt 0:01:38]} Qb6 {[%emt 0:02:59]} 15. Qa4 {[%emt 0:12:44]} Rfb8 {[%emt 0:08:03]} 16. b4 {[%emt 0:01:36]} cxb4 {[%emt 0:01:29]} 17. Qxb4 {[%emt 0:00:06]} Ne8 {[%emt 0:06:59]} 18. Nb3 {[%emt 0:30:34]} Bxc3 {[%emt 0:18:02]} 19. Qxc3 {[%emt 0:00:05]} Nxb3 {[%emt 0:01:28]} 20. Rxa8 {[%emt 0:07:13]} Nxc1 {[%emt 0:10:48]} 21. Rxb8 {[%emt 0:00:31]} Nxe2+ {[%emt 0:00:10]} 22. Kh2 {[%emt 0:00:03]} Qxb8 {[%emt 0:00:20]} 23. Qe3 {[%emt 0:00:07]} Bxb5 {[%emt 0:01:46]} 24. Rb1 {[%emt 0:00:41]} Qb7 {[%emt 0:11:16]} 25. Qxe2 {[%emt 0:04:04]} Bxe2 {[%emt 0:00:15]} 26. Rxb7 {[%emt 0:00:05]} Kf8 {[%emt 0:00:24]} 27. Rb8 {[%emt 0:02:01]} f5 {[%emt 0:00:46]} 28. Rb2 {[%emt 0:02:49]} Bc4 {[%emt 0:02:41]} 29. Rb4 {[%emt 0:00:07]} Be2 {[%emt 0:01:52]} 30. f4 {[%emt 0:02:09]} Nf6 {[%emt 0:01:06]} 31. Rd4 {[%emt 0:00:05]} Nd7 {[%emt 0:08:21]} 32. Kg1 {[%emt 0:01:45]} Nc5 {[%emt 0:00:46]} 33. Kf2 {[%emt 0:00:07]} Bd3 {[%emt 0:00:18]} 34. Ke3 {[%emt 0:00:07]} Bb1 {[%emt 0:00:34]} 35. g4 {[%emt 0:00:58]} fxg4 {[%emt 0:00:26]} 36. hxg4 {[%emt 0:00:05]} h5 {[%emt 0:02:04]} 37. Rd1 {[%emt 0:00:27]} Bc2 {[%emt 0:01:28]} 38. Rc1 {[%emt 0:00:11]} Ba4 {[%emt 0:00:10]} 39. gxh5 {[%emt 0:01:09]} gxh5 {[%emt 0:00:06]} 40. Bf3 {[%emt 0:00:20]} Be8 {[%emt 0:00:33]} 41. Rh1 {[%emt 0:00:14]} Bf7 {[%emt 0:00:15]} 42. Kd4 {[%emt 0:01:48]} Nb3+ {[%emt 0:02:27]} 43. Kd3 {[%emt 0:00:15]} Kg7 {[%emt 0:01:05]} 44. Ke3 {[%emt 0:02:40]} Nc5 45. Ra1 {[%emt 0:00:11]} Kg6 {[%emt 0:02:09]} 46. Rg1+ {[%emt 0:02:09]} Kh6 {[%emt 0:00:13]} 47. Kd4 {[%emt 0:00:27]} e6 {[%emt 0:04:02]} 48. dxe6 {[%emt 0:00:32]} Nxe6+ {[%emt 0:00:57]} 49. Ke3 {[%emt 0:00:07]} Ng7 {[%emt 0:00:43]} 50. Be4 {[%emt 0:01:31]} d5 {[%emt 0:00:22]} 51. Bd3 {[%emt 0:00:07]} h4 {[%emt 0:00:46]} 52. Rg4 {[%emt 0:00:54]} Nh5 {[%emt 0:02:30]} 53. Rxh4 {[%emt 0:00:38]} Kg7 {[%emt 0:00:06]} 54. Be2 {[%emt 0:01:08]} Nf6 {[%emt 0:00:14]} 55. Kd4 {[%emt 0:00:42]} Kf8 {[%emt 0:00:48]} 56. Bd3 {[%emt 0:00:18]} Ke7 {[%emt 0:00:24]} 57. Bf5 {[%emt 0:00:12]} Ne8 {[%emt 0:00:32]} 58. Ke5 {[%emt 0:00:20]} Nd6 {[%emt 0:00:21]} 59. Bd3 {[%emt 0:00:27]} Bg8 {[%emt 0:00:58]} 60. Rh1 {[%emt 0:00:25]} Be6 {[%emt 0:00:38]} 61. Ra1 {[%emt 0:00:43]} Nf7+ {[%emt 0:00:12]} 62. Kd4 {[%emt 0:00:55]} Kf6 {[%emt 0:00:15]} 63. Ra6 {[%emt 0:00:07]} Nh6 {[%emt 0:00:13]} 64. Bb5 {[%emt 0:02:08]} Nf5+ {[%emt 0:00:35]} 65. Kc5 {[%emt 0:00:24]} Ke7 {[%emt 0:00:06]} 66. Bc6 {[%emt 0:00:48]} Ne3 {[%emt 0:00:27]} 67. Kd4 {[%emt 0:00:27]} Ng4 {[%emt 0:01:20]} 68. Bxd5 {[%emt 0:00:30]} Bc8 {[%emt 0:00:22]} 69. Ra7+ {[%emt 0:00:52]} Kf6 {[%emt 0:00:25]} 70. Rf7+ {[%emt 0:00:50]} Kg6 {[%emt 0:00:04]} 71. Rc7 {[%emt 0:00:31]} Bf5 {[%emt 0:00:36]} 72. Rc6+ {[%emt 0:00:54]} Kg7 {[%emt 0:00:44]} 73. Be6 {[%emt 0:00:09]} Bxe6 {[%emt 0:00:35]} 74. Rxe6 {[%emt 0:00:07]} Kf7 {[%emt 0:00:04]} 75. Ra6 {[%emt 0:00:15]} Nf6 {[%emt 0:00:14]} 76. Ke5 {[%emt 0:00:12]} Ng4+ {[%emt 0:00:10]} 77. Kf5 {[%emt 0:00:11]} Ne3+ {[%emt 0:00:10]} 78. Kg5 {[%emt 0:00:08]} Nd5 {[%emt 0:00:13]} 79. Ra7+ {[%emt 0:00:19]} Ne7 {[%emt 0:00:08]} 80. f5 {[%emt 0:00:43]} Kf8 {[%emt 0:00:10]} 81. Rxe7 {[%emt 0:00:34]} Kxe7 {[%emt 0:00:07]} 82. Kg6 {[%emt 0:00:05]} Kf8 {[%emt 0:00:06]} 83. Kf6 {[%emt 0:00:06]} 1-0

[Event "2nd Goa GM Open 2019"]
[Site "Goa"]
[Date "2019.06.23"]
[Round "8.18"]
[White "Raja Rithvik R"]
[Black "Pantsulaia, Levan"]
[Result "0-1"]
[WhiteElo "2381"]
[BlackElo "2614"]
[Annotator "TA"]
[PlyCount "62"]
[EventDate "2019.06.17"]
[EventType "swiss"]
[EventCountry "IND"]
[SourceTitle "playchess.com"]
[Source "ChessBase"]
[SourceQuality "1"]

{[%evp 13,62,57,57,54,54,60,61,41,56,35,30,33,33,33,41,38,27,22,19,0,0,0,40,23,34,24,36,1,66,17,77,0,0,0,0,0,0,-56,-60,-288,-277,-306,-314,-441,-75,-303,-289,-501,-323,-1413,-1268]} 1. Nf3 c5 2. c4 g6 3. d4 Bg7 4. e4 Nc6 5. dxc5 Qa5+ 6. Bd2 Qxc5 7. Nc3 Nf6 8. Be2 {A40: Unusual replies to 1 d4} O-O (8... Qb6 9. O-O d6 10. h3 O-O 11. b3 Qd8 12. Rc1 b6 13. Re1 Bb7 14. Bf1 Nd7 15. Bg5 h6 {1-0 (35) Matlakov,M (2692)-Shyam,N (2429) Sharjah 2019}) 9. O-O d6 10. Rc1 {White is slightly better.} Qa5 11. Nd5 Qd8 $1 12. Qc2 Bg4 13. Bc3 Nd7 $146 ({Predecessor:} 13... Rc8 14. Qb1 Nb8 15. h3 Bd7 16. e5 dxe5 17. Bxe5 {1-0 (26) Dantas,I (1633)-Sousa,V (1499) Praia da Pipa 2014}) 14. Bxg7 Kxg7 15. Rfd1 Bxf3 16. Bxf3 e5 17. Qc3 Nc5 18. Qe3 Ne6 19. Bg4 Ned4 20. f4 a5 (20... h5 $11 21. Bf3 Ne7) 21. Kh1 (21. f5 $5 {[%cal Rf5f6]} f6 22. fxg6 $14) 21... a4 (21... Qh4 $11 22. Bf3 Nxf3 23. Qxf3 Nd4) 22. c5 ({White should play} 22. f5 $16 {aiming for f6+.} f6 23. Qh3) 22... Ra5 $11 23. cxd6 Qxd6 24. Nb6 {Nc4 is the strong threat.} exf4 25. Qf2 (25. Qg1 $1 $11 Rd8 26. Nc4 {[%mdl 64] Double Attack}) 25... Ne5 $1 $15 26. Nc4 $2 (26. Qxd4 $15 Qxd4 27. Rxd4 Nxg4 28. h3) 26... Nxg4 $19 27. Qd2 {[#]} (27. Nxd6 $2 {perishes.} Nxf2+ 28. Kg1 Nxd1 $19) 27... Qf6 $1 {Threatens to win with ...Rd8.} 28. Nxa5 {[#]} (28. Qxd4 $142 Qxd4 29. Rxd4) 28... Ne6 $2 $40 {[%mdl 128] Black has strong attack.} (28... Rd8 $1 $19 {is more deadly. Hoping for ...Qh4!} 29. Qe1 (29. Nxb7 $2 Qh4 $19) 29... f3) 29. Kg1 $2 (29. Nxb7 $17 {might work better.} Qh4 30. h3) 29... Rd8 30. Qc3 $2 (30. Qe2 {only move.} Rxd1+ 31. Rxd1) 30... Nd4 31. Rd2 $2 (31. Rxd4 Qxd4+ 32. Qxd4+ Rxd4 33. b3) 31... f3 {Accuracy: White = 24%, Black = 51%.} 0-1

[Event "2nd Goa GM Open 2019"]
[Site "Goa"]
[Date "2019.06.23"]
[Round "8.19"]
[White "Viani Antonio Dcunha"]
[Black "Mchedlishvili, Mikheil"]
[Result "1/2-1/2"]
[WhiteElo "2362"]
[BlackElo "2609"]
[Annotator "TA"]
[PlyCount "79"]
[EventDate "2019.06.17"]
[EventType "swiss"]
[EventCountry "IND"]
[SourceTitle "playchess.com"]
[Source "ChessBase"]
[SourceQuality "1"]

{[%evp 14,79,34,16,16,0,0,0,0,0,0,0,0,0,0,0,-2,0,0,0,0,-7,0,0,0,0,0,0,0,-12,-5,-10,0,-9,0,-22,-23,-34,-20,-47,-47,-86,-45,-108,-58,-56,0,0,0,0,0,0,0,0,0,0,0,0,0,0,0,0,0,0,0,0,0,0]} 1. e4 c5 2. Nf3 e6 3. d4 cxd4 4. Nxd4 Nc6 5. Nc3 Qc7 6. Be3 a6 7. f4 b5 8. Nxc6 (8. Nb3 {feels hotter.} Nf6 9. Bd3 d6 10. Qf3 Be7 11. O-O) 8... Qxc6 {B48: Sicilian: Taimanov: 5 Nc3 Qc7 6 Be3 a6 without Be2} 9. Bd3 Bb7 10. Qe2 (10. Qd2 Nf6 11. Bd4 b4 12. Bxf6 gxf6 13. Nd1 f5 14. exf5 Qxg2 15. Qxg2 Bxg2 16. Rg1 {½-½ (23) Kryvoruchko,Y (2705)-Moranda,W (2601) Poland 2018}) 10... Nf6 11. e5 Qxg2 $146 ({Predecessor:} 11... b4 12. exf6 bxc3 13. fxg7 Bxg7 14. b3 Bf6 15. Rg1 Qd6 16. Qf2 {½-½ (49) Rios,A (2332)-Antoli Royo,J (2356) Zaragoza 2006}) 12. Qxg2 Bxg2 13. Rg1 Nd5 14. Rxg2 {[#] Strongly threatening Nxd5.} Nxe3 15. Rg3 Nc4 16. Bxc4 $1 bxc4 17. Ne4 Rc8 18. O-O-O h6 19. Rd4 Kd8 20. h4 g6 21. Nd6 Bxd6 $1 22. Rxd6 $11 {[%mdl 4096] Endgame KRR-KRR} a5 23. Ra3 Ra8 24. Ra4 c3 25. bxc3 Ke7 26. Kd2 Rhb8 27. Kc1 Ra7 28. c4 (28. Rc4 $15) 28... Rc8 29. Kd2 g5 ({Better is} 29... f6 $15) 30. hxg5 {The position is equal.} hxg5 31. fxg5 Rc5 32. Rb6 Rxe5 33. Rb5 Kd6 34. Kd3 Rc5 35. Kd4 e5+ 36. Ke4 Rac7 37. Kd3 Ra7 38. Ke4 Rac7 39. Kd3 Ra7 40. Ke4 {Accuracy: White = 65%, Black = 71%.} 1/2-1/2

[Event "2nd Goa GM Open 2019"]
[Site "Goa"]
[Date "2019.06.23"]
[Round "8.20"]
[White "Turov, Maxim"]
[Black "Mitrabha, Guha"]
[Result "1/2-1/2"]
[WhiteElo "2579"]
[BlackElo "2341"]
[Annotator "ChessBase"]
[PlyCount "235"]
[EventDate "2019.06.17"]
[EventType "swiss"]
[EventCountry "IND"]
[SourceTitle "playchess.com"]
[Source "ChessBase"]
[SourceQuality "1"]
[TimeControl "5400+30"]

1. d4 {[%emt 0:00:00]} Nf6 {[%emt 0:00:00]} 2. c4 {[%emt 0:00:00]} e6 {[%emt 0:00:00]} 3. Nf3 {[%emt 0:00:00]} b6 {[%emt 0:00:00]} 4. g3 {[%emt 0:00:00]} Ba6 {[%emt 0:00:00]} 5. b3 {[%emt 0:00:02]} Bb7 {[%emt 0:00:00]} 6. Bg2 {[%emt 0:00:15]} Bb4+ {[%emt 0:00:00]} 7. Bd2 {[%emt 0:00:10]} a5 {[%emt 0:00:00]} 8. O-O {[%emt 0:00:44]} O-O {[%emt 0:00:04]} 9. a3 {[%emt 0:07:16]} Be7 {[%emt 0:02:47]} 10. Qc2 {[%emt 0:06:21]} Be4 {[%emt 0:05:04]} 11. Qb2 {[%emt 0:05:36]} Bb7 {[%emt 0:00:06]} 12. Nc3 {[%emt 0:05:21]} Ne4 {[%emt 0:00:30]} 13. Ne5 {[%emt 0:00:40]} Nxd2 {[%emt 0:01:22]} 14. Bxb7 {[%emt 0:00:13]} Ra7 {[%emt 0:00:04]} 15. Qxd2 {[%emt 0:00:10]} Rxb7 {[%emt 0:00:03]} 16. e4 {[%emt 0:01:37]} d6 {[%emt 0:00:51]} 17. Nd3 {[%emt 0:00:47]} Bf6 {[%emt 0:00:37]} 18. Ne1 {[%emt 0:07:05]} Nd7 {[%emt 0:02:19]} 19. Nc2 {[%emt 0:00:08]} g6 {[%emt 0:01:13]} 20. Rad1 {[%emt 0:02:37]} Qe7 {[%emt 0:01:56]} 21. f4 {[%emt 0:01:38]} Bg7 {[%emt 0:01:23]} 22. e5 {[%emt 0:01:52]} Rbb8 {[%emt 0:04:03]} 23. Nb5 {[%emt 0:01:31]} dxe5 {[%emt 0:01:07]} 24. dxe5 {[%emt 0:00:22]} Rfd8 {[%emt 0:01:57]} 25. Qe3 {[%emt 0:08:02]} Nc5 {[%emt 0:05:31]} 26. Ncd4 {[%emt 0:02:49]} Qe8 {[%emt 0:15:33]} 27. Nxc7 {[%emt 0:02:27]} Qd7 {[%emt 0:00:02]} 28. Ncb5 {[%emt 0:00:22]} Bf8 {[%emt 0:00:12]} 29. Qf3 {[%emt 0:00:56]} Qb7 {[%emt 0:00:41]} 30. Kg2 {[%emt 0:02:04]} Qxf3+ {[%emt 0:00:29]} 31. Kxf3 {[%emt 0:00:11]} Rd7 {[%emt 0:00:02]} 32. Nc6 {[%emt 0:02:40]} Rc8 {[%emt 0:00:35]} 33. Rxd7 {[%emt 0:05:29]} Nxd7 {[%emt 0:00:03]} 34. Rd1 {[%emt 0:06:40]} Nc5 {[%emt 0:01:35]} 35. Ncd4 {[%emt 0:04:19]} Rd8 {[%emt 0:00:10]} 36. Rd2 {[%emt 0:00:48]} h6 {[%emt 0:00:22]} 37. h4 {[%emt 0:01:22]} g5 {[%emt 0:00:19]} 38. h5 {[%emt 0:02:26]} f5 {[%emt 0:04:14]} 39. exf6 {[%emt 0:01:13]} gxf4 {[%emt 0:00:17]} 40. gxf4 {[%emt 0:01:49]} Kf7 {[%emt 0:00:15]} 41. Ke3 {[%emt 0:00:43]} Kxf6 {[%emt 0:01:49]} 42. Rg2 {[%emt 0:00:32]} Kf7 {[%emt 0:02:38]} 43. Na7 {[%emt 0:01:33]} Bg7 {[%emt 0:03:54]} 44. Nac6 {[%emt 0:00:25]} Rg8 {[%emt 0:00:17]} 45. Kf3 {[%emt 0:02:49]} Rc8 {[%emt 0:00:02]} 46. Ne5+ {[%emt 0:03:55]} Bxe5 {[%emt 0:00:03]} 47. fxe5 {[%emt 0:00:05]} Nd7 {[%emt 0:00:13]} 48. Kf4 {[%emt 0:05:31]} a4 {[%emt 0:00:06]} 49. Nb5 {[%emt 0:00:55]} Rf8 {[%emt 0:00:01]} 50. b4 {[%emt 0:01:24]} Ke7+ {[%emt 0:00:29]} 51. Ke4 {[%emt 0:00:06]} Rf5 {[%emt 0:00:10]} 52. Rg7+ {[%emt 0:00:26]} Kd8 {[%emt 0:00:03]} 53. Rg8+ {[%emt 0:02:07]} Ke7 {[%emt 0:00:02]} 54. Rg7+ {[%emt 0:00:14]} Kd8 {[%emt 0:00:02]} 55. Nd4 {[%emt 0:03:35]} Rxe5+ {[%emt 0:00:06]} 56. Kd3 {[%emt 0:00:13]} Kc8 {[%emt 0:00:27]} 57. Rg8+ {[%emt 0:01:31]} Kb7 {[%emt 0:00:18]} 58. Rg7 {[%emt 0:00:04]} Kc8 {[%emt 0:00:26]} 59. Re7 {[%emt 0:02:57]} Rxh5 {[%emt 0:00:44]} 60. Nxe6 {[%emt 0:00:10]} Rh4 {[%emt 0:02:10]} 61. c5 {[%emt 0:02:14]} bxc5 {[%emt 0:00:16]} 62. bxc5 {[%emt 0:00:07]} Ne5+ {[%emt 0:00:46]} 63. Ke3 {[%emt 0:00:17]} Nc4+ {[%emt 0:00:05]} 64. Ke2 {[%emt 0:00:36]} Ne5 {[%emt 0:02:41]} 65. c6 {[%emt 0:00:39]} Nxc6 {[%emt 0:00:39]} 66. Rc7+ {[%emt 0:00:05]} Kb8 {[%emt 0:00:01]} 67. Rxc6 {[%emt 0:00:07]} Rh3 {[%emt 0:00:08]} 68. Nc5 {[%emt 0:00:44]} Rxa3 {[%emt 0:00:07]} 69. Rxh6 {[%emt 0:00:11]} Rc3 {[%emt 0:00:09]} 70. Nxa4 {[%emt 0:00:18]} Rg3 {[%emt 0:00:11]} 71. Rh7 {[%emt 0:00:14]} Kc8 {[%emt 0:00:07]} 72. Nb6+ {[%emt 0:00:36]} Kd8 {[%emt 0:00:02]} 73. Nd5 {[%emt 0:00:07]} Rg5 {[%emt 0:00:33]} 74. Ne3 {[%emt 0:00:20]} Re5 {[%emt 0:00:05]} 75. Kd3 {[%emt 0:00:11]} Re7 {[%emt 0:00:04]} 76. Rh5 {[%emt 0:00:20]} Kd7 {[%emt 0:00:16]} 77. Kd4 {[%emt 0:00:04]} Rg7 {[%emt 0:00:28]} 78. Kd5 {[%emt 0:00:21]} Kc7 {[%emt 0:00:12]} 79. Nc4 {[%emt 0:00:10]} Rd7+ {[%emt 0:00:18]} 80. Kc5 {[%emt 0:00:08]} Rd1 {[%emt 0:00:12]} 81. Rh7+ {[%emt 0:00:27]} Rd7 {[%emt 0:00:08]} 82. Rh1 {[%emt 0:00:03]} Rg7 {[%emt 0:00:09]} 83. Ne5 {[%emt 0:01:18]} Rg2 {[%emt 0:00:29]} 84. Rh7+ {[%emt 0:00:21]} Kc8 {[%emt 0:00:04]} 85. Nc4 {[%emt 0:00:33]} Rc2 {[%emt 0:00:05]} 86. Kd5 {[%emt 0:00:09]} Kb8 {[%emt 0:00:35]} 87. Nd6 {[%emt 0:01:02]} Rc1 {[%emt 0:00:15]} 88. Rb7+ {[%emt 0:00:45]} Ka8 {[%emt 0:00:06]} 89. Rb2 {[%emt 0:00:34]} Rc7 {[%emt 0:07:43]} 90. Rb4 {[%emt 0:00:13]} Rc1 {[%emt 0:03:04]} 91. Nc4 {[%emt 0:00:11]} Ka7 {[%emt 0:00:14]} 92. Kc6 Rh1 93. Rb2 {[%emt 0:04:24]} Rc1 {[%emt 0:02:06]} 94. Rb7+ {[%emt 0:00:14]} Ka8 {[%emt 0:00:33]} 95. Rb4 {[%emt 0:00:05]} Ka7 {[%emt 0:01:15]} 96. Kc7 {[%emt 0:00:05]} Ka6 {[%emt 0:00:03]} 97. Rb6+ {[%emt 0:01:29]} Ka7 {[%emt 0:00:02]} 98. Rb7+ {[%emt 0:00:16]} Ka6 {[%emt 0:00:08]} 99. Rb4 {[%emt 0:00:07]} Rh1 {[%emt 0:00:11]} 100. Rb6+ {[%emt 0:01:34]} Ka7 {[%emt 0:00:02]} 101. Rb3 {[%emt 0:00:34]} Ka6 {[%emt 0:01:09]} 102. Kc6 {[%emt 0:00:55]} Rh6+ {[%emt 0:00:44]} 103. Kd5 {[%emt 0:00:18]} Rh5+ {[%emt 0:00:08]} 104. Ne5 {[%emt 0:00:04]} Ka5 {[%emt 0:00:15]} 105. Rb8 {[%emt 0:00:11]} Ka4 {[%emt 0:00:05]} 106. Kd4 {[%emt 0:00:12]} Rh4+ {[%emt 0:00:11]} 107. Kc3 {[%emt 0:00:10]} Rh3+ {[%emt 0:00:08]} 108. Nd3 {[%emt 0:00:11]} Ka5 {[%emt 0:00:09]} 109. Rb1 {[%emt 0:01:20]} Ka6 {[%emt 0:00:13]} 110. Rb3 {[%emt 0:01:04]} Ka5 {[%emt 0:00:17]} 111. Kd4 {[%emt 0:00:10]} Rh4+ {[%emt 0:00:05]} 112. Kd5 {[%emt 0:00:06]} Rh5+ {[%emt 0:00:03]} 113. Ne5 {[%emt 0:00:09]} Ka4 {[%emt 0:00:04]} 114. Rb8 {[%emt 0:00:14]} Ka3 {[%emt 0:00:05]} 115. Kd4 {[%emt 0:00:12]} Rh4+ {[%emt 0:00:24]} 116. Kc3 {[%emt 0:00:05]} Rh3+ {[%emt 0:00:12]} 117. Nd3 {[%emt 0:00:06]} Ka4 {[%emt 0:00:04]} 118. Kc4 {[%emt 0:02:44]} 1/2-1/2

[Event "2nd Goa GM Open 2019"]
[Site "Goa"]
[Date "2019.06.23"]
[Round "8.21"]
[White "Anuj Shrivatri"]
[Black "Venkatesh, M.R."]
[Result "1-0"]
[WhiteElo "2336"]
[BlackElo "2490"]
[Annotator "ChessBase"]
[PlyCount "69"]
[EventDate "2019.06.17"]
[EventType "swiss"]
[EventCountry "IND"]
[SourceTitle "playchess.com"]
[Source "ChessBase"]
[SourceQuality "1"]
[TimeControl "5400+30"]

1. d4 {[%emt 0:00:00]} Nc6 {[%emt 0:03:07]} 2. Nf3 {[%emt 0:00:37]} d5 {[%emt 0:00:13]} 3. c4 {[%emt 0:00:04]} Bg4 {[%emt 0:00:33]} 4. cxd5 {[%emt 0:00:15]} Bxf3 {[%emt 0:08:06]} 5. gxf3 {[%emt 0:01:29]} Qxd5 {[%emt 0:00:07]} 6. e3 {[%emt 0:00:03]} e5 {[%emt 0:00:08]} 7. Nc3 {[%emt 0:00:04]} Bb4 {[%emt 0:00:08]} 8. Bd2 {[%emt 0:00:05]} Bxc3 {[%emt 0:01:50]} 9. bxc3 {[%emt 0:00:02]} Qd6 {[%emt 0:01:33]} 10. Rb1 {[%emt 0:00:05]} b6 {[%emt 0:00:51]} 11. f4 {[%emt 0:00:37]} exf4 {[%emt 0:02:43]} 12. e4 {[%emt 0:00:07]} Nge7 {[%emt 0:01:09]} 13. Qf3 {[%emt 0:01:22]} Qa3 {[%emt 0:07:34]} 14. Qxf4 {[%emt 0:07:05]} O-O {[%emt 0:10:33]} 15. Bg2 {[%emt 0:15:19]} Qxa2 {[%emt 0:05:58]} 16. O-O {[%emt 0:03:15]} Ng6 {[%emt 0:00:06]} 17. Qe3 {[%emt 0:04:16]} Na5 {[%emt 0:10:15]} 18. Ra1 {[%emt 0:03:38]} Qc4 {[%emt 0:00:31]} 19. f4 {[%emt 0:03:56]} f5 {[%emt 0:17:03]} 20. e5 {[%emt 0:19:16]} c6 {[%emt 0:03:33]} 21. Be1 {[%emt 0:01:54]} Ne7 {[%emt 0:02:00]} 22. Rf3 {[%emt 0:01:39]} Qe6 {[%emt 0:01:21]} 23. Bh4 {[%emt 0:01:13]} Ng6 {[%emt 0:02:58]} 24. Rh3 {[%emt 0:05:08]} Rf7 {[%emt 0:07:58]} 25. Kh1 {[%emt 0:02:29]} Rc8 {[%emt 0:01:30]} 26. Qf3 {[%emt 0:01:01]} Rd7 {[%emt 0:02:47]} 27. Rg1 {[%emt 0:00:26]} Nb3 {[%emt 0:00:59]} 28. Bf2 {[%emt 0:01:41]} a5 {[%emt 0:01:38]} 29. Qh5 {[%emt 0:02:55]} Nf8 {[%emt 0:00:38]} 30. Bh4 {[%emt 0:00:26]} Kh8 {[%emt 0:01:19]} 31. Bf1 {[%emt 0:02:22]} c5 {[%emt 0:02:59]} 32. Bd3 {[%emt 0:03:54]} Rf7 {[%emt 0:01:21]} 33. Bf6 {[%emt 0:06:31]} gxf6 {[%emt 0:01:00]} 34. Rhg3 {[%emt 0:05:27]} Qc6+ {[%emt 0:00:21]} 35. R1g2 {[%emt 0:00:35]} 1-0

[Event "2nd Goa GM Open 2019"]
[Site "Goa"]
[Date "2019.06.23"]
[Round "8.22"]
[White "Pranav Vijay"]
[Black "Kunte, Abhijit"]
[Result "0-1"]
[WhiteElo "2265"]
[BlackElo "2478"]
[Annotator "TA"]
[PlyCount "44"]
[EventDate "2019.06.17"]
[EventType "swiss"]
[EventCountry "IND"]
[SourceTitle "playchess.com"]
[Source "ChessBase"]
[SourceQuality "1"]

{[%evp 12,63,34,2,21,10,25,0,6,6,8,0,0,-8,13,-16,-10,-18,-15,-29,-6,-20,-22,-133,-122,-120,-124,-272,-272,-720,-729,-964,-982,-965,-956,-1705,-1677,-1863,-1940,-1892,-1867,-29989,-2808,-2437,-2332,-29993,-29994,-29994,-29990,-29994,-29995,-29997,-29998,-29999]} 1. e4 e5 2. Nf3 Nc6 3. Bb5 a6 4. Ba4 Nf6 5. O-O Be7 6. d3 d6 7. c4 O-O {C84: Closed Ruy Lopez: Unusual White 6th moves} 8. h3 Nd7 9. Be3 Bf6 {The position is equal.} 10. Nc3 (10. c5 Ne7 11. cxd6 cxd6 12. Nc3 b5 13. Bb3 Bb7 14. a3 Nc5 15. Ba2 {½-½ (24) Van Foreest,J (2629)-Amin,B (2693) Wijk aan Zee 2018}) 10... Nd4 11. Bxd4 exd4 12. Ne2 Nc5 $146 ({Predecessor:} 12... c5 13. Qd2 b5 14. Bc2 bxc4 15. dxc4 {0-1 (60) Guseinov,G (2557)-Jenni,F (2522) Plovdiv 2003}) 13. Bc2 Ne6 14. Nh2 b5 15. cxb5 axb5 16. f4 c5 {[#]} 17. g4 (17. b4 $1 $11 {[%mdl 512]}) 17... h6 $17 18. Nf3 c4 19. b4 (19. a3 $17 {was worth a try.}) 19... Ra3 $19 20. Nc1 $2 (20. f5 Ng5 21. Nxg5 Bxg5 22. Kg2) 20... Nxf4 21. Nd2 Be5 22. Rf3 h5 {Played: Qd8-g5} 0-1